Statistiques concernant Pays ayant l'Arabe pour langue officielle

Cliquez ici pour prendre le quiz!

Statistiques générales

  • Ce quiz a été pris 23 368 fois
    (23 091 depuis la dernière actualisation)
  • Le résultat moyen est 17 sur 22

Statistiques - réponses

Pays% Correct
Algérie
98%
Maroc
98%
Tunisie
95%
Arabie Saoudite
94%
Égypte
92%
Irak
88%
Qatar
86%
Libye
85%
Émirats Arabes Unis
83%
Yémen
83%
Syrie
82%
Oman
80%
Liban
79%
Jordanie
76%
Soudan
72%
Koweït
70%
Mauritanie
69%
Bahreïn
66%
Somalie
54%
Tchad
52%
Djibouti
45%
Comores
27%

Distribution des résultats

Percentile par nombre de réponses

% des personnes avec chaque résultat

Votre développement - résultats

Vous n’avez pas pris ce quiz depuis la dernière actualisation